[Event "Mumbai Wealth blitz op 5th"]
[Site "Mumbai"]
[Date "2020.01.04"]
[Round "2"]
[White "Bogdanovich, Stanislav"]
[Black "Gadgil, DN Yansagar"]
[Result "1-0"]
[WhiteElo "2715"]
[BlackElo "2029"]
[PlyCount "45"]
[EventDate "2020.01.04"]
[EventType "swiss (blitz)"]
[EventRounds "11"]
[EventCountry "IND"]
[SourceTitle "CBM 195 Extra"]
[Source "ChessBase"]
[SourceDate "2020.05.31"]
[SourceVersion "1"]
[SourceVersionDate "2020.05.31"]
[SourceQuality "1"]

1. e4 c6 2. d4 d5 3. Nc3 dxe4 4. Nxe4 Bf5 5. Ng3 Bg6 6. Nh3 e6 7. Nf4 Nd7 8. h4 Ne7 9. h5 Bf5 10. c3 h6 11. Nxf5 Nxf5 12. Bd3 Bd6 13. Qe2 Bxf4 14. Bxf4 0-0 15. g4 Ne7 16. g5 Nd5 17. Qe4 f5 18. Qxe6+ Kh8 19. gxh6 Re8 20. hxg7+ Kxg7 21. Rg1+ Kh8 22. Rg8+ Rxg8 23. Qh6# 1-0